000 02349nam a22003257a 4500
999 _c63434
_d63434
003 Ge_BSU
005 20251008211447.0
008 251008s2017 ge ||||| |||| 00| 0 geo d
020 _a9789941245794
041 _ageo
080 _a61(031) პ-63
100 _aპორტერი, რობერტ ს.
_925965
245 _aჯანმრთელობის ენციკლოპედია ყველა თაობისთვის : 7 ტომეული:
_bტ. 4 /
_cრობერტ ს. პორტერი, ჯასტინ ლ. კაპლანი, ბარბარა პ. ჰომიერი; მთარგმნელები: ნინო კიკნაძე, ლია რუსიეშვილი, ანა სიბოშვილი [და სხვ.]; რედაქტორები: გივი ჯავაშვილი, გურამ კიკნაძე, თამარ მამაცაშვილი.
264 _aთბილისი :
_bპალიტრა L,
_c2017.
300 _a484 გვ.;
_b26 სმ.
490 _aმსოფლიო ბესტსელერი
653 _aკვებისა და მეტაბოლიზმის დარღვევები
653 _aენდოკრინული სისტემის დაავადებები
653 _aსისხლის დაავადებები
653 _aავთვისებიანი სიმსივნეები
653 _aიმუნური სისტემის დაავადებები
700 _aჰომიერი, ბარბარა პ.
_eავტორი
_925977
700 _aკიკნაძე, ნინო
_eმთარგმნელი
_925980
700 _aრუსიეშვილი, ლია
_eმთარგმნელი
_925981
700 _aსიბოშვილი, ანა და სხვ.
_eმთარგმნელი
_925976
700 _aჯავაშვილი, გივი
_eრედაქტორი
_916844
700 _aკიკნაძე, გურამ
_eრედაქტორი
_925982
700 _aმამაცაშვილი, თამარ
_eრედაქტორი
_925983
942 _2udc
_cᲬᲘᲒᲜᲘ